Efficiency of some novel carbon black/rubber coupling agents (Record no. 58421)

MARC details
000 -LEADER
fixed length control field 00452nam a2200169Ia 4500
100 ## - MAIN ENTRY--AUTHOR NAME
Personal name Klasek A
245 #0 - TITLE STATEMENT
Title Efficiency of some novel carbon black/rubber coupling agents
260 ## - PUBLICATION, DISTRIBUTION, ETC. (IMPRINT)
Name of publisher Journal of Applied Polymer Science
Year of publication 1996
300 ## - PHYSICAL DESCRIPTION
Number of Pages 1137-1146
650 ## - SUBJECT ADDED ENTRY--TOPICAL TERM
Topical Term Carbon black
650 ## - SUBJECT ADDED ENTRY--TOPICAL TERM
Topical Term Rubber coupling agent
700 ## - ADDED ENTRY--PERSONAL NAME
Personal name Curik R
700 ## - ADDED ENTRY--PERSONAL NAME
Personal name Kafka S
700 ## - ADDED ENTRY--PERSONAL NAME
Personal name Spacek J
942 ## - ADDED ENTRY ELEMENTS (KOHA)
Koha item type Journals
Holdings
Withdrawn status Lost status Damaged status Not for loan Home library Current library Shelving location Date acquired Serial Enumeration / chronology Koha item type
      Journals RRII Library RRII Library Rubber chemistry 17/12/2021 Volume 61, Issue 7 Journals